000 00553nam a22001577a 4500
003 OSt
005 20151103141147.0
008 151103b xxu||||| |||| 00| 0 eng d
040 _cRUA
082 _aFOR បឿយ 1995 B120 Or.1
100 _93264
_aបឿយ ផល
245 _aគំរោងផែនការកែប្រែកសិកម្មពនេចររបស់ជនជាតិភាគតិច នៅខេត្តមណ្ឌលគីរី
260 _aPhnom Penh
_bRUA
_c1995
300 _a65p.
_bill.
_c29cm.
942 _2ddc
_cFOR
999 _c3046
_d3046